Vista normal
Vista MARC
Entrada Topical Term
Número de registros utilizados en: 2
001 - CONTROL NUMBER
- control field: 66660
003 - CONTROL NUMBER IDENTIFIER
- control field: OSt
005 - DATE AND TIME OF LATEST TRANSACTION
- control field: 20251106200454.0
008 - FIXED-LENGTH DATA ELEMENTS
- fixed length control field: 251106|| aca||aabn | a|a d
040 ## - CATALOGING SOURCE
- Original cataloging agency: OSt
- Transcribing agency: OSt
150 ## - HEADING--TOPICAL TERM
- Topical term or geographic name entry element: Adolescentes
- General subdivision: Conducta sexual
670 ## - SOURCE DATA FOUND
- Source citation: Work cat.: (OSt)59798: Ruiz Saro, Rosa María 1970- aut 66659, Adolescentes :